| 000 | 01910cam a22004214i 4500 | ||
|---|---|---|---|
| 003 | PE-LiUPU | ||
| 005 | 20250731173138.0 | ||
| 008 | 150623s r 000 0 d | ||
| 035 | _a(Sirsi) a27118 | ||
| 040 |
_aPE-LiUPU _bspa _cPE-LiUPU _erda |
||
| 082 | 0 | 4 |
_a286.732 _bT48 _221 |
| 100 | 1 |
_aThomsen, Russel J., _eautor. |
|
| 245 | 1 | 0 |
_aSeventh day baptists- their legacy to adventists / _cRussel J. Thomsen. |
| 264 | 1 |
_aMountain View, California : _bPacific Press Publishing Association, _c1971. |
|
| 300 |
_a95 páginas : _bilustraciones fotos, gráficos ; _c22 cm. |
||
| 336 |
_atext _2rdacontent |
||
| 337 |
_aunmediated _2rdamedia |
||
| 338 |
_avolume _2rdacarrier |
||
| 505 | 0 | _aThe sabbat comes to the british isles. Men, martyrs, and the sabbath memorial. The sabbath comes to America. songs for the king- a Heritage of love. Adventists find the sabbath. Growing pains in the nineteenth century. They called him "brother jones". Malamulo, the mission of the commandments. Seventh day baptists and Seventh-day Adventists - what are the differences?. Seventh day baptists in the twentieth century - by Albert N. Rogers, president, seventh day baptist historical society. | |
| 526 | _aSEG42 | ||
| 526 | _aSEG41 | ||
| 526 | _aSEG40 | ||
| 526 | _aSEG39 | ||
| 526 | _aP94 | ||
| 526 | _aP87 | ||
| 526 | _aP86 | ||
| 526 | _aP85 | ||
| 526 | _aP77 | ||
| 526 | _aP76 | ||
| 526 | _aP35 | ||
| 650 | 0 | 4 | _aBautistas del séptimo día. |
| 650 | 0 | 4 |
_aIASD _xHistoria. |
| 942 |
_2ddc _cBOOK |
||
| 949 |
_a286.732 T48 _wDEWEY _c1 _i52396 _lCCODEBUL1 _mBUL _p4.00 _r0 _sY _tBOOK _u2015-06-24 _xTEOLOGIA _PP35 _0COMPRA _o.STAFF. Colección General |
||
| 596 | _a1 | ||
| 999 |
_a286.732 T48 _wDEWEY _c34224 _i52396 _d34224 _f2021-11-11 _g6 _lCCODEBUL1 _mBUL _p4.00 _q2 _r0 _sY _tBOOK _u2015-6-24 _xTEOLOGIA _PP35 _0COMPRA _o.STAFF. Colección General |
||
| 980 |
_81 _gALBERTO SANCHEZ Responsable de Automatización |
||